|
|
|
|
| LEADER |
00000nam0a2200000 4500 |
| 001 |
75767 |
| 005 |
20231031091049.0 |
| 020 |
|
|
|a RU
|b 85-80517
|
| 035 |
|
|
|a (RuTPU)RU\TPU\book\80845
|
| 090 |
|
|
|a 75767
|
| 100 |
|
|
|a 20050401d1985 km y0rusy5003 ca
|
| 101 |
0 |
|
|a rus
|
| 102 |
|
|
|a RU
|
| 105 |
|
|
|a a g 000zy
|
| 200 |
1 |
|
|a Система виртуальных машин для ЕС ЭВМ
|e Справочник
|g Под ред. Э. В. Ковалевича
|
| 210 |
|
|
|a Москва
|c Финансы и статистика
|d 1985
|
| 215 |
|
|
|a 360 с.
|d 22 см
|
| 300 |
|
|
|a Авт. указаны на обороте тит. л.
|
| 610 |
0 |
|
|a Вычислительные системы на интегральных микросхемах - Математическое обеспечение - Справочники
|
| 610 |
0 |
|
|a Справочники - Вычислительные системы на интегральных микросхемах - Математическое обеспечение
|
| 610 |
1 |
|
|a вычислительная техника
|
| 610 |
1 |
|
|a вычислительные машины
|
| 610 |
1 |
|
|a ЕС ЭВМ
|
| 610 |
1 |
|
|a виртуальные машины
|
| 610 |
1 |
|
|a команды
|
| 610 |
1 |
|
|a настройка
|
| 610 |
1 |
|
|a диалоговые системы
|
| 610 |
1 |
|
|a справочники
|
| 675 |
|
|
|a 681.3.006(035)
|z rus
|
| 702 |
|
1 |
|a Ковалевич
|b Э. В.
|g Эдуард Викентьевич
|4 340
|
| 801 |
|
0 |
|a RU
|b RuMRKP
|c 19950704
|g psbo
|
| 801 |
|
1 |
|a RU
|b 63413507
|c 20050401
|g PSBO
|
| 801 |
|
2 |
|a RU
|b 63413507
|c 20160627
|g PSBO
|
| 942 |
|
|
|c BK
|